00522cam a2200181ua 45000010005000000080039000050200018000440400009000620820012000711000034000832450082001172500009001992600039002083000022002476530014002696530040002837000017003231730110716n ii |||gr||||Z||||||eng a81-250-2730-0 cMAIN a330.954 aRaychoudhuri, Tapan,eAuthor.1 aCambridge economic history of india volI c1200-c. 1750cby Tapan Raychaudhuri a1st. aNew Delhi:bOrient Longman,c2004. axvi; 543p:c23cm. aEconomics acambridge economic history of india aIrfan Habib,